Wessex Reserve Forces and Cadets Association v White and another (Record no. 76298)

MARC details
000 -LEADER
fixed length control field 01969cab a2200229 4500
001 - CONTROL NUMBER
control field ##L131938
008 - FIXED-LENGTH DATA ELEMENTS--GENERAL INFORMATION
fixed length control field 051219n2005 000 0 eng u
035 ## - SYSTEM CONTROL NUMBER
System control number (Sirsi) u131938
041 0# - LANGUAGE CODE
Language code of text/sound track or separate title eng
245 00 - TITLE STATEMENT
Title Wessex Reserve Forces and Cadets Association v White and another
260 ## - PUBLICATION, DISTRIBUTION, ETC.
Date of publication, distribution, etc. 2005
490 #0 - SERIES STATEMENT
Series statement Estates Gazette
Volume/sequential designation [2006] 13 EG 142-146 (5)
520 ## - SUMMARY, ETC.
Summary, etc. CA, 1 December 2005. Concerns the validity of the ground for opposing the granting of a new tenancy applied for under the Landlord and Tenant Act 1954 s24(1). Appeal by the landlords (L) against a decision ([2005] EWHC 983 (QB), [2005] 22 EG 132 (CS)) that they were not entitled to oppose the application of the respondents (W) under s30(1)(f) of the Act for a new tenancy on the ground that they intended to demolish the entire premises or a substantial part of them upon the termination of the tenancy and that they could not do so without obtaining possession of the holding. W had erected two buildings to be removed on termination. S30(1)(f) was not satisfied since it would require removal of the structures by the landlords and of their own volition. A landlord cannot acquire a ground for opposition to a new tenancy based upon the tenant exercising its own right of severance. "Held": appeal dismissed. The s30(1)(f) ground had not been made out. If W demolished the existing structures as obliged under the lease there would be upon the termination of the tenancy no buildings there in respect of which the appellants could have an intention to demolish.
590 ## - LOCAL NOTE (RLIN)
Local note IKA030106
650 24 - SUBJECT ADDED ENTRY--TOPICAL TERM
Topical term or geographic name entry element WESSEX RESERVE FORCES AND CADETS ASSOCIATION V WHITE AND ANOTHER
650 24 - SUBJECT ADDED ENTRY--TOPICAL TERM
Topical term or geographic name entry element LANDLORD AND TENANT ACT 1954 S30(1)(F)
650 24 - SUBJECT ADDED ENTRY--TOPICAL TERM
Topical term or geographic name entry element LANDLORD AND TENANT ACT 1954 S25
650 24 - SUBJECT ADDED ENTRY--TOPICAL TERM
Topical term or geographic name entry element LANDLORD AND TENANT ACT 1954 S24
650 24 - SUBJECT ADDED ENTRY--TOPICAL TERM
Topical term or geographic name entry element GREGSON V CYRIL LORD LTD
690 ## - LOCAL SUBJECT ADDED ENTRY--TOPICAL TERM (OCLC, RLIN)
Topical term or geographic name as entry element PROPERTY-COMMERCIAL PROPERTY-LEASEHOLD COMMERCIAL PROPERTY-COMMERCIAL LANDLORD AND TENANT-BUSINESS TENANCIES
942 ## - ADDED ENTRY ELEMENTS (KOHA)
Suppress in OPAC 0
Holdings
Withdrawn status Lost status Source of classification or shelving scheme Damaged status Not for loan Home library Current library Shelving location Date acquired Total Checkouts Full call number Barcode Date last seen Copy number Price effective from Koha item type
    Dewey Decimal Classification     London London Journal article 19/12/2005   L131938 131938-1001 06/08/2019 1 06/08/2019 Law report